Hospice, a caring community (Record no. 76338)

MARC details
000 -LEADER
fixed length control field 01007nam a2200169 a 4500
008 - FIXED-LENGTH DATA ELEMENTS--GENERAL INFORMATION
fixed length control field 120416s1980 ||||||||||||||||| || u
050 ## - LIBRARY OF CONGRESS CALL NUMBER
Classification number R 726.8 Kof
100 ## - MAIN ENTRY--PERSONAL NAME
Personal name Koff, Theodore H
245 10 - TITLE STATEMENT
Title Hospice, a caring community
260 ## - PUBLICATION, DISTRIBUTION, ETC.
Place of publication, distribution, etc. Cambrodge
Name of publisher, distributor, etc. Winthrop
Date of publication, distribution, etc. 1980
300 ## - PHYSICAL DESCRIPTION
Extent xii, 196 pages
350 ## -
-- 0.00
995 ## -
-- ANNEX COLLECTION (Main Library)
-- 0.00
-- 713658
-- CBU-MAIN LIBRARY (Kitwe)
-- 1
-- 7.95
-- R 726.8 Kof
-- 1
-- AVAILABLE
-- Mar 28, 2007
-- 015491
-- Annex Low-Usage Collection
995 ## -
-- ANNEX COLLECTION (Main Library)
-- 0.00
-- 712656
-- CBU-MAIN LIBRARY (Kitwe)
-- 2
-- 7.95
-- R 726.8 Kof
-- 2
-- AVAILABLE
-- Mar 28, 2007
-- 015449
-- Annex Low-Usage Collection
995 ## -
-- ANNEX COLLECTION (Main Library)
-- 0.00
-- 713659
-- CBU-MAIN LIBRARY (Kitwe)
-- 3
-- 7.95
-- R 726.8 Kof
-- 3
-- AVAILABLE
-- Mar 28, 2007
-- 015448
-- Annex Low-Usage Collection
995 ## -
-- ANNEX COLLECTION (Main Library)
-- 0.00
-- 713657
-- CBU-MAIN LIBRARY (Kitwe)
-- 4
-- 7.95
-- R 726.8 Kof
-- 4
-- AVAILABLE
-- Mar 28, 2007
-- 015447
-- Annex Low-Usage Collection
999 ## -
-- 76338
-- 76338
Holdings
Withdrawn status Lost status Source of classification or shelving scheme Damaged status Not for loan Permanent Location Current Location Shelving location Date acquired Total Checkouts Full call number Barcode Date last seen Copy number Price effective from Koha item type
          CBU-MAIN LIBRARY, KITWE. CBU-MAIN LIBRARY, KITWE.   04/25/2023   R 726.8 Kof 015491 04/25/2023 1 04/25/2023 MONOGRAPH
Withdrawn         CBU-MAIN LIBRARY, KITWE. CBU-MAIN LIBRARY, KITWE.   04/25/2023   R 726.8 Kof 015449 04/25/2023 2 04/25/2023 MONOGRAPH
          CBU-MAIN LIBRARY, KITWE. CBU-MAIN LIBRARY, KITWE.   04/25/2023   R 726.8 Kof 015448 04/25/2023 3 04/25/2023 MONOGRAPH
Withdrawn         CBU-MAIN LIBRARY, KITWE. CBU-MAIN LIBRARY, KITWE.   04/25/2023   R 726.8 Kof 015447 04/25/2023 4 04/25/2023 MONOGRAPH